00653nam a2200241 a 4500001001300000003000900013005001700022008004100039020000900080082001800089100002100107245001700128260003300145300000900178500003500187505001000222650001100232700002100243902000800264942000700272952011700279999001500396nice12345678IN_TiNIC20260116012410.0050524s1975 dela grp 000 0 eng  ac1500a297.124bHAS2 aHashmi, Rahm Ali aFear of Hell aDelhibDini Book Depotc1975 a246p aincludes index and biblioraphy2 aIndex aHadith1 aHashmi, Rahm Ali bSRS cBK 001040708StackRoom-aHMIbHMId2007-08-07g15.00l0o297.124 HAS2p011456r2007-08-07v15.00w2005-05-24yBK c6867d6867